| Tag |
First Indicator |
Second Indicator |
Subfields |
| LEADER |
00000cam a2200000 4500 |
| 001 |
in00000027457 |
| 005 |
20151007061344.0 |
| 008 |
750828s1959 nyua 00000 eng |
| 010 |
|
|
|a 59010848
|
| 035 |
|
|
|a (OCoLC)01579470
|
| 035 |
|
|
|9 AAD1866AM
|
| 040 |
|
|
|a DLC
|c FBA
|d OCL
|d TXA
|d UtOrBLW
|
| 049 |
|
|
|a TXAM
|c [336374]
|
| 050 |
0 |
0 |
|a NC997
|b .H28
|
| 082 |
0 |
|
|a 741.67
|
| 092 |
|
|
|a 741.67
|b H393a
|
| 100 |
1 |
|
|a Hawkins, Arthur.
|
| 245 |
1 |
4 |
|a The art director at work ;
|b how 15 medal-winning exhibits were conceived and executed /
|c George Giusti, designer; Eugene Milbauer, art director.
|
| 264 |
|
1 |
|a New York :
|b Published for Art Director Club of New York [by] Hastings House,
|c [1959]
|
| 300 |
|
|
|a 72 pages :
|b illustrations ;
|c 26 cm.
|
| 336 |
|
|
|a text
|b txt
|2 rdacontent
|
| 337 |
|
|
|a unmediated
|b n
|2 rdamedia
|
| 338 |
|
|
|a volume
|b nc
|2 rdacarrier
|
| 490 |
1 |
|
|a Visual communication books
|
| 650 |
|
0 |
|a Commercial art.
|
| 650 |
|
0 |
|a Art
|x Vocational guidance.
|
| 830 |
|
0 |
|a Visual communication books.
|
| 999 |
|
|
|a MARS
|
| 999 |
f |
f |
|s 380cf9e0-6093-306d-838e-5e88d8c1628f
|i 129515f8-d635-377a-a722-092d1413672c
|t 0
|
| 952 |
f |
f |
|p ric
|a Texas A&M University
|b Rellis Campus
|c Joint Library Facility
|d Remote Storage
|t 0
|e NC997 .H28
|h Library of Congress classification
|i unmediated -- volume
|m A14801149113
|
| 998 |
f |
f |
|a NC997 .H28
|t 0
|l Remote Storage
|